Collins international primary science : (Record no. 10065)

MARC details
000 -LEADER
fixed length control field 01828nam a22002657a 4500
001 - CONTROL NUMBER
control field 10065
003 - CONTROL NUMBER IDENTIFIER
control field FISKH
005 - DATE AND TIME OF LATEST TRANSACTION
control field 20260403090901.0
008 - FIXED-LENGTH DATA ELEMENTS--GENERAL INFORMATION
fixed length control field 260403b cb ||||| |||| 00| 0 eng d
020 ## - INTERNATIONAL STANDARD BOOK NUMBER
International Standard Book Number 9780007586110
040 ## - CATALOGING SOURCE
Original cataloging agency FISKH
Language of cataloging eng
Transcribing agency FISKH
Modifying agency FISKH
082 ## - DEWEY DECIMAL CLASSIFICATION NUMBER
Classification number 500
100 ## - MAIN ENTRY--PERSONAL NAME
Personal name Morrison, Karen
245 ## - TITLE STATEMENT
Title Collins international primary science :
Remainder of title Workbook 2 /
260 ## - PUBLICATION, DISTRIBUTION, ETC.
Place of publication, distribution, etc. London :
Name of publisher, distributor, etc. Harper Collins,
Date of publication, distribution, etc. 2014.
300 ## - PHYSICAL DESCRIPTION
Extent 76 pages :
Other physical details illustrations ;
Dimensions 27 cm
500 ## - GENERAL NOTE
General note J
505 ## - FORMATTED CONTENTS NOTE
Formatted contents note J<br/>
520 ## - SUMMARY, ETC.
Summary, etc. Collins Primary Science fully meets the requirements of the Cambridge Assessment International Education Primary Science Curriculum Framework and the material has been carefully developed to meet the needs of primary science students and teachers in a range of international contexts. Content is organised according to the three main strands: Biology, Chemistry and Physics and the skills detailed under the Scientific Enquiry strand are introduced and taught in the context of those areas. For each of Stages 1 to 6 as detailed in the Cambridge Primary Science Framework, we offer: A full colour, highly illustrated and photograph rich Student's Book A write-in Workbook linked to the Student's Book Provides support as part of a set of resources for the Cambridge Primary curriculum framework from 2011. This title is endorsed by Cambridge Assessment International Education. This comprehensive Teacher's Guide with clear suggestions for using the materials, including the electronic components of the course A DVD-ROM which contains slideshows, video clips, additional photographs and interactive activities for use in the classroom.
521 8# - TARGET AUDIENCE NOTE
Target audience note 500<br/>
Source Lexile estimate<br/>
521 8# - TARGET AUDIENCE NOTE
Target audience note J<br/>
Source Raz-Plus<br/>
650 ## - SUBJECT ADDED ENTRY--TOPICAL TERM
Topical term or geographic name entry element Science Book
Form subdivision Non-Fiction
942 ## - ADDED ENTRY ELEMENTS (KOHA)
Source of classification or shelving scheme Dewey Decimal Classification
Koha item type Books
Suppress in OPAC No
Holdings
Withdrawn status Lost status Source of classification or shelving scheme Damaged status Not for loan Collection Home library Current library Shelving location Date acquired Total Checkouts Full call number Barcode Date last seen Copy number Price effective from Koha item type
    Dewey Decimal Classification     Reference Footprints International School Library Network Toul Tom Poung Campus Footprints International School Library Network Toul Tom Poung Campus Librarian's Shelf TTP 04/03/2026   MOR 500 2026-0446 04/03/2026 1 04/03/2026 Books